00562nam a22001217a 4500003000400000005001700004008004100021040000800062082002700070100001600097245030100113260002600414OSt20151208095151.0151208b xxu||||| |||| 00| 0 eng d cRUA aATM SAN 2004 B193 Or.1 aSAN, VIBOL. astudy on technique and human resurches in agro-insustry enterprises in cambodia (ការសិក្សាអំពីបច្ចេកទេស និង ធនធានមនុស្សក្នុងសហគ្រាស កសិឧស្សាហកម្ម នៅកម្ពុជា) aPhnom PenhbRUAc2003